| 000 | 00869nam a2200193 i 4500 | ||
|---|---|---|---|
| 001 | bg | ||
| 245 | 0 | 0 |
_aWarunki żeglugi zestawów pchanych o dużej ładowności na śródlądowych drogach wodnych / _c[red. nauk. Jan Winter]. |
| 260 |
_aWrocław : _bWydawnictwo Politechniki Wrocławskiej, _c1985. |
||
| 490 | 1 |
_aPrace Naukowe Instytutu Geotechniki Politechniki Wrocławskiej. Studia i Materiały = _aScientific Papers of the Institute of Geotechnics of the Wrocław University of Technology. Studies and Research, _x0084-2842 ; _vno 11 |
|
| 650 | 9 | _aŻegluga śródlądowa | |
| 650 | 9 | _aDrogi wodne śródlądowe | |
| 700 | 1 | _awinter, Jan | |
| 830 | 0 |
_aPrace Naukowe Instytutu Geotechniki Politechniki Wrocławskiej. _pStudia i Materiały |
|
| 040 | _cBPK | ||
| 041 | 0 |
_apol _beng |
|
| 080 | _a656.62 | ||
| 942 | _cKS | ||
| 008 | s pl f |000 0 pol | ||
| 999 |
_c35523 _d35523 |
||
| 856 |
_uhttp://koha.tu.koszalin.pl/cgi-bin/koha/opac-detail.pl?biblionumber=35523 _yKatalog online BPK |
||